| 000 | 00549nam a2200169 a 4500 | ||
|---|---|---|---|
| 001 | 000026590 | ||
| 005 | 20200930030311.0 | ||
| 008 | 110323s1920 dr r 000 0 spa d | ||
| 040 |
_aDO-SdBNP _bspa _cBNPHU |
||
| 082 |
_axxxx _bxxxx |
||
| 110 | 1 |
_aRepública Dominicana _9447 |
|
| 240 | 1 | 0 | _a[Leyes, etc.] |
| 245 | 1 | 0 | _aComentarios a la ley de drogas narcóticas /. |
| 260 |
_aSanto Domingo : _bSecretaría de Estado de Sanidad y Beneficiencia, _c1920 _fImprenta de J. R. vda. García |
||
| 300 |
_a20 P. ; _c27 cm. |
||
| 590 | _aInventariado, 2018/BT | ||
| 999 |
_c26082 _d26082 |
||